000 01005cam a2200313 a 4500
005 20260322212050.0
008 data
010 _a 96061017
020 _a0500021163
020 _a9780500021163
040 _aNNM
_cNNM
_dDLC
042 _alccopycat
043 _an-ust--
050 0 0 _aE78.S7
_bP556 1997
082 0 0 _a979/.01
_221
092 _a979 P556 1997
100 1 _aPlog, Stephen.
245 1 0 _aAncient peoples of the American Southwest /
_cStephen Plog.
260 _aNew York, N.Y. :
_bThames and Hudson,
_c1997.
300 _a224 p. :
_bill. (some col.), maps ;
_c25 cm.
490 1 _aAncient peoples and places
504 _aIncludes bibliographical references (p. 211-218) and index.
650 0 _aIndians of North America
_zSouthwest, New
_xHistory.
650 0 _aIndians of North America
_zSouthwest, New
_xAntiquities.
651 0 _aSouthwest, New
_xHistory.
651 0 _aSouthwest, New
_xAntiquities.
830 0 _aAncient peoples and places (Thames and Hudson)
001 data
999 _c1186
_d1186